Statistics for One Piece Bounty Quiz

Click here to take the quiz!

General Stats

  • This quiz has been taken 59 times
  • The average score is 14 of 39

Answer Stats

HintAnswer% Correct
฿1,500,000,000Monkey D. Luffy
89%
฿4,611,100,000Kaido
87%
฿5,564,800,000Gol D. Roger
82%
฿4,048,900,000Shanks
82%
฿5,046,000,000Edward Newgate
79%
฿2,247,600,000Marshall D. Teach
74%
฿4,388,000,000Charlotte Linlin
71%
฿1,057,000,000Charlotte Katakuri
63%
฿1,320,000,000Queen
55%
฿1,000,000,000Jack
53%
฿602,000,000Sabo
53%
฿860,000,000Charlotte Cracker
50%
฿932,000,000Charlotte Smoothie
47%
฿550,000,000Portgas D. Ace
47%
฿700,000,000Charlotte Perospero
45%
฿470,000,000Eustass Kid
45%
฿500,000,000Trafalgar D. Water Law
42%
฿320,000,000Roronoa Zoro
39%
฿330,000,000Vinsmoke Sanji
37%
฿600,000,000Charlotte Snack
34%
฿438,000,000Jimbei
24%
฿350,000,000Capone Bege
21%
฿480,000,000Edward Weevil
18%
฿222,000,000X Drake
18%
฿340,000,000Donquixote Doflamingo
16%
฿350,000,000Scratchmen Apoo
16%
฿320,000,000Basil Hawkins
13%
฿300,000,000Charlotte Daifuku
13%
฿300,000,000Charlotte Oven
13%
฿320,000,000Gecko Moria
13%
฿429,000,000Tamago
13%
฿550,000,000Little Oars Jr.
11%
฿382,000,000Pedro
11%
฿330,000,000Pekoms
11%
฿296,000,000Bartholomew Kuma
8%
฿300,000,000Caesar Clown
8%
฿330,000,000Cavendish
8%
฿542,000,000Chinjao
8%
฿230,000,000Fisher Tiger
3%

Score Distribution

Percentile by Number Answered

Percent of People with Each Score

Your Score History

You have not taken this quiz